Espejo de príncipes y caballeros V

محفوظ في:
التفاصيل البيبلوغرافية
المؤلف الرئيسي: Ortúnez de alahorra, Diego
التنسيق: كتاب
اللغة:Undetermined
منشور في: Madrid, España Espasa-Calpe 1975
الموضوعات:
الوسوم: إضافة وسم
لا توجد وسوم, كن أول من يضع وسما على هذه التسجيلة!

MARC

LEADER 00000nam a2200000Ia 4500
008 170316s9999 xx 000 0 und d
040 |a cru BVZT 
090 |a 862 O-7e v.5 
100 |a Ortúnez de alahorra, Diego 
245 |a Espejo de príncipes y caballeros V 
260 |a Madrid, España 
260 |b Espasa-Calpe 
260 |c 1975 
300 |a 332 páginas 
650 |a LITERATURA ESPAÑOLA 
999 |c 10258  |d 10258 
942 |c 15 D  |h 862 O-7e v.5  |2 z